000 00211 a2200097 4500
001 3559
100 _aBoulding, R.S.H
245 _aPrinciples & practice of Radar
260 _a
_bNewnes
_c
090 _c2823
_d2823
942 _aNUST-CAE
_cM
_c20258
999 _c238632
_d238632